| 000 | 00667nam a2200133Ia 4500 | ||
|---|---|---|---|
| 008 | 231221s9999 xx 000 0 und d | ||
| 041 | _aEnglish | ||
| 082 | _aJNBT11-219 | ||
| 100 | _aBhattacharjee, B. Chatterjee, J. Jacob, P. Krishnamurthy, V. | ||
| 245 | 0 | _aComputer aided screening of natural antimicrobials against putative drug targets of Heliobacter pylori 26695-an in silico designing approach | |
| 260 |
_c2011 _bJournal of Natural Science |
||
| 500 | _a2011. Computer aided screening of natural antimicrobials against putative drug targets of Heliobacter pylori 26695-an in silico designing approach, Journal of Natural Science, Vol. 2(2). | ||
| 942 | _cIR | ||
| 999 |
_c217526 _d217526 |
||